The superalloys : (Record no. 2488)
[ view plain ]
| 000 -LEADER | |
|---|---|
| fixed length control field | 01212nac a22002531u 4500 |
| 008 - FIXED-LENGTH DATA ELEMENTS--GENERAL INFORMATION | |
| fixed length control field | 100228t xxu||||| |||| 00| 0 eng d |
| 010 ## - LIBRARY OF CONGRESS CONTROL NUMBER | |
| LC control number | 2006299782 |
| 020 ## - INTERNATIONAL STANDARD BOOK NUMBER | |
| International Standard Book Number | 9780521859042 |
| 020 ## - INTERNATIONAL STANDARD BOOK NUMBER | |
| International Standard Book Number | 0521859042 (hbk.) |
| 035 ## - SYSTEM CONTROL NUMBER | |
| System control number | (OCoLC)ocm65468245 |
| 035 ## - SYSTEM CONTROL NUMBER | |
| System control number | (OCoLC)65468245 |
| 082 04 - DEWEY DECIMAL CLASSIFICATION NUMBER | |
| Classification number | 620.1617 |
| Item number | REE |
| 100 ## - MAIN ENTRY--PERSONAL NAME | |
| Personal name | Reed, Roger C. |
| 9 (RLIN) | 11931 |
| 245 14 - TITLE STATEMENT | |
| Title | The superalloys : |
| Remainder of title | fundamentals and applications / |
| Statement of responsibility, etc | Roger C. Reed. |
| 260 ## - PUBLICATION, DISTRIBUTION, ETC. (IMPRINT) | |
| Place of publication, distribution, etc | Cambridge, UK ; |
| -- | New York : |
| Name of publisher, distributor, etc | Cambridge University Press,2006 |
| Date of publication, distribution, etc | 2006. |
| 300 ## - PHYSICAL DESCRIPTION | |
| Extent | xiv, 372 p. : |
| Other physical details | ill. ; |
| Dimensions | 26 cm. |
| 504 ## - BIBLIOGRAPHY, ETC. NOTE | |
| Bibliography, etc | Includes bibliographical references and index. |
| 650 #0 - SUBJECT ADDED ENTRY--TOPICAL TERM | |
| Topical term or geographic name as entry element | Heat resistant alloys. |
| 9 (RLIN) | 11932 |
| 856 42 - ELECTRONIC LOCATION AND ACCESS | |
| Materials specified | Publisher description |
| Uniform Resource Identifier | <a href="http://www.loc.gov/catdir/enhancements/fy0619/2006299782-d.html">http://www.loc.gov/catdir/enhancements/fy0619/2006299782-d.html</a> |
| 856 42 - ELECTRONIC LOCATION AND ACCESS | |
| Materials specified | Table of contents only |
| Uniform Resource Identifier | <a href="http://www.loc.gov/catdir/enhancements/fy0619/2006299782-t.html">http://www.loc.gov/catdir/enhancements/fy0619/2006299782-t.html</a> |
| 942 ## - ADDED ENTRY ELEMENTS (KOHA) | |
| Item type | Book - Borrowing |
| Call number prefix | 620.1617 R3231 |
| Source of classification or shelving scheme | Dewey Decimal Classification |
| Withdrawn status | Item status | Damaged status | Not for loan | Home library | Current library | Shelving location | Date acquired | Source of acquisition | Total Checkouts | Full call number | Barcode | Date last seen | Koha item type | Source of classification or shelving scheme | Vendor | Cost, normal purchase price | Serial Enumeration / chronology |
|---|---|---|---|---|---|---|---|---|---|---|---|---|---|---|---|---|---|
| Central Library | Central Library | First floor | 21/02/2007 | Purchase | 620.1617 REE | 000001825 | 15/07/2025 | Book - Borrowing | |||||||||
| Central Library | Central Library | First floor | 28/02/2010 | 620.1617 REE | 000019865 | 15/07/2025 | Book - Borrowing | Dewey Decimal Classification | Alahram | 385.00 | 27 |